World Cup Group Stage Goalscorers 1974 - Statistics

General Stats
  • This quiz has been taken 5 times
  • The average score is 34 of 93
Answer Stats
Group Nation Score Player % Correct
1 West Germany 3-0 Gerd Muller
100%
B (2nd Round) West Germany 2-0 Gerd Muller
100%
B (2nd Round) West Germany 1-0 Gerd Muller
100%
A (2nd Round) Netherlands 1-0 Johan Cruyff
100%
A (2nd Round) Netherlands 4-0 Johan Cruyff
100%
A (2nd Round) Netherlands 2-0 Johan Cruyff
100%
B (2nd Round) West Germany 4-2 Uli Hoeness
100%
4 Poland 1-0 Grzegorz Lato
75%
4 Poland 3-1 Grzegorz Lato
75%
4 Poland 1-0 Grzegorz Lato
75%
4 Poland 7-0 Grzegorz Lato
75%
B (2nd Round) Poland 1-0 Grzegorz Lato
75%
B (2nd Round) Poland 2-1 Grzegorz Lato
75%
2 Brazil 1-0 Jairzinho
75%
A (2nd Round) Brazil 2-1 Jairzinho
75%
3 Netherlands 1-0 Johannes Neeskens
75%
3 Netherlands 2-0 Johannes Neeskens
75%
A (2nd Round) Netherlands 1-0 Johannes Neeskens
75%
A (2nd Round) Netherlands 1-0 Johannes Neeskens
75%
3 Netherlands 1-0 John Rep
75%
3 Netherlands 2-0 John Rep
75%
3 Netherlands 3-0 John Rep
75%
A (2nd Round) Netherlands 3-0 John Rep
75%
1 East Germany 1-0 Jurgen Sparwasser
75%
4 Poland 2-0 Kazimierz Deyna
75%
4 Poland 2-0 Kazimierz Deyna
75%
B (2nd Round) Poland 1-0 Kazimierz Deyna
75%
2 Brazil 2-0 Rivellino
75%
A (2nd Round) Brazil 1-0 Rivellino
75%
A (2nd Round) Brazil 1-0 Rivellino
75%
4 Poland 2-0 Andrzej Szarmach
50%
4 Poland 3-0 Andrzej Szarmach
50%
4 Poland 5-0 Andrzej Szarmach
50%
4 Poland 6-0 Andrzej Szarmach
50%
4 Poland 1-0 Andrzej Szarmach
50%
4 Italy 1-1 Giovanni Rivera
50%
1 West Germany 1-0 Paul Breitner
50%
B (2nd Round) West Germany 1-0 Paul Breitner
50%
A (2nd Round) Netherlands 2-0 Pieter Rensenbrink
50%
3 Netherlands (OG) 3-1 Rudolf Krol
50%
A (2nd Round) Netherlands 2-0 Rudolf Krol
50%
4 Argentina 3-2 Carlos Babington
25%
2 Yugoslavia 2-0 Dragan Dzajic
25%
4 Haiti 1-0 Emmanuel Sanon
25%
4 Haiti 3-1 Emmanuel Sanon
25%
4 Poland 4-0 Jerzy Gorgon
25%
2 Scotland 2-0 Joe Jordan
25%
2 Scotland 1-1 Joe Jordan
25%
B (2nd Round) West Germany 3-2 Jurgen Grabowski
25%
2 Scotland 1-0 Peter Lorimer
25%
B (2nd Round) West Germany 2-1 Rainer Bonhof
25%
3 Sweden 1-0 Ralf Edstrom
25%
3 Sweden 3-0 Ralf Edstrom
25%
B (2nd Round) Sweden 1-0 Ralf Edstrom
25%
B (2nd Round) Sweden 1-1 Ralf Edstrom
25%
4 Italy 2-1 Romeo Benetti
25%
4 Argentina 3-0 Ruben Ayala
25%
B (2nd Round) West Germany 1-1 Wolfgang Overath
25%
1 West Germany 2-0 Bernhard Cullmann
0%
2 Yugoslavia 7-0 Branko Oblak
0%
1 Australia (OG) 1-0 Colin Curran
0%
2 Yugoslavia 1-0 Dusan Bajevic
0%
2 Yugoslavia 5-0 Dusan Bajevic
0%
2 Yugoslavia 9-0 Dusan Bajevic
0%
3 Sweden 2-0 Ernst Sandberg
0%
B (2nd Round) Sweden 2-2 Ernst Sandberg
0%
4 Mexico 2-1 Fabio Capello
0%
4 Argentina 1-0 Hector Yazalde
0%
4 Argentina 4-1 Hector Yazalde
0%
3 Bulgaria 1-0 Hristo Bonev
0%
2 Yugoslavia 8-0 Ilija Petkovic
0%
2 Yugoslavia 3-0 Ivan Surjak
0%
B (2nd Round) Yugoslavia 1-0 Ivan Surjak
0%
B (2nd Round) Sweden 2-1 Jan Torstensson
0%
1 East Germany 2-0 Joachim Streich
0%
A (2nd Round) East Germany 1-0 Joachim Streich
0%
2 Yugoslavia 4-0 Josip Katalinski
0%
1 East Germany 1-0 Martin Hoffmann
0%
A (2nd Round) Argentina 1-1 Miguel Brindisi
0%
4 Italy 3-1 Pietro Anastasi
0%
4 Argentina 2-1 Ramon Heredia
0%
4 Argentina 1-0 Rene Houseman
0%
4 Argentina 2-0 Rene Houseman
0%
A (2nd Round) Argentina 1-1 Rene Houseman
0%
3 Uruguay 1-1 Ricardo Pavoni
0%
4 Argentina (OG) 1-1 Roberto Perfumo
0%
1 Chile 1-1 Sergio Ahumada
0%
2 Yugoslavia 1-0 Stanislav Karasi
0%
B (2nd Round) Yugoslavia 1-1 Stanislav Karasi
0%
3 Netherlands 4-1 Theodorus de Jong
0%
2 Brazil 3-0 Valdomiro
0%
2 Yugoslavia 6-0 Vladislav Bogicevic
0%
1 West Germany 1-0 Wolfgang
0%
No matching quizzes found
Score Distribution
Percent of People with Each Score
Percentile by Number Answered
Your Score History
You have not taken this quiz